| 000 | 01114nam a2200265 a 4500 | ||
|---|---|---|---|
| 001 | 000046217 | ||
| 003 | DO-SdBNP | ||
| 005 | 20260415175501.0 | ||
| 008 | 130418s2002 dr 001 0 spa d | ||
| 040 |
_aDO-SdBNP _bspa _cBNPHU |
||
| 082 |
_a343.729304 _bR426c, 2002 |
||
| 110 | 1 |
_aRepública Dominicana. _9447 |
|
| 240 | 1 | 0 | _a[Código, etc] |
| 245 | 1 | 0 |
_aCódigo tributario y legislación complementaria : _bModificado por la ley 147-00 der reforma tributaria / _cedición preparada por Nelson L. Soto Castillo. |
| 260 |
_aSanto Domingo : _bSoto Castillo, _c2002. |
||
| 300 |
_a279 p. ; _c22 cm. |
||
| 500 | _aIncluye los reglamentos y las modificaciones por Ley 147-00 y 12-01 de Reforma Tributaria ; Ley 11-01 de la Anmistía Fiscal | ||
| 590 | _aInventariado, 2018/VM | ||
| 650 | 4 |
_aImpuestos sobre la renta _xLegislación _zRepública Dominicana _99399 |
|
| 650 | 0 |
_aImpuestos _xLeyes y legislación _zRepública Dominicana _99338 |
|
| 651 | 4 |
_aRepública Dominicana _xLey 147 _974253 |
|
| 700 | 1 |
_aSoto Castillo, Nelson L. _eed. _974254 |
|
| 910 | _aValidado. Control de calidad MFF | ||
| 942 |
_2ddc _cLBS1 |
||
| 999 |
_c45706 _d45706 |
||